<?xml version="1.0" encoding="UTF-8"?>
<record
    xmlns:xsi="http://www.w3.org/2001/XMLSchema-instance"
    xsi:schemaLocation="http://www.loc.gov/MARC21/slim http://www.loc.gov/standards/marcxml/schema/MARC21slim.xsd"
    xmlns="http://www.loc.gov/MARC21/slim">

  <leader>00943cac a2200265 a 4500</leader>
  <controlfield tag="003">Co-PeBPM</controlfield>
  <controlfield tag="005">20250630183324.0</controlfield>
  <controlfield tag="008">231129e1983||||ck aok||||||||||| ||spa||</controlfield>
  <datafield tag="020" ind1=" " ind2=" ">
    <subfield code="a">8435903281</subfield>
  </datafield>
  <datafield tag="040" ind1=" " ind2=" ">
    <subfield code="a">Co-PeBPM</subfield>
    <subfield code="b">spa</subfield>
    <subfield code="c">Co-PeBPM</subfield>
    <subfield code="e">rda</subfield>
  </datafield>
  <datafield tag="041" ind1=" " ind2=" ">
    <subfield code="a">spa</subfield>
  </datafield>
  <datafield tag="082" ind1="0" ind2="4">
    <subfield code="a">500 B618t</subfield>
    <subfield code="2">22</subfield>
  </datafield>
  <datafield tag="100" ind1="1" ind2="0">
    <subfield code="a">Bird, William</subfield>
    <subfield code="e">autor</subfield>
  </datafield>
  <datafield tag="245" ind1="1" ind2="0">
    <subfield code="a">Todo lo que usted debe saber acerca de la t&#xE9;cnica moderna</subfield>
    <subfield code="b">: Los rayos l&#xE1;ser. La teor&#xED;&#xAD;a de la relatividad. La cibern&#xE9;tica. Los viajes espaciales. La energ&#xED;&#xAD;a solar y otros temas cient&#xED;&#xAD;ficos explicados con sencillez</subfield>
    <subfield code="c">/ William Bird</subfield>
  </datafield>
  <datafield tag="260" ind1=" " ind2=" ">
    <subfield code="a">Espa&#xF1;a</subfield>
    <subfield code="b">: Playor</subfield>
    <subfield code="c">, 1983</subfield>
  </datafield>
  <datafield tag="300" ind1=" " ind2=" ">
    <subfield code="a">197 p&#xE1;ginas</subfield>
    <subfield code="c">; 23 cent&#xED;metros</subfield>
  </datafield>
  <datafield tag="490" ind1=" " ind2=" ">
    <subfield code="a">Circulo de lectores </subfield>
  </datafield>
  <datafield tag="500" ind1=" " ind2=" ">
    <subfield code="a">Incluye &#xCD;ndice.</subfield>
  </datafield>
  <datafield tag="650" ind1="1" ind2="4">
    <subfield code="a">Biolog&#xED;a</subfield>
    <subfield code="2">LEMB</subfield>
  </datafield>
  <datafield tag="650" ind1="1" ind2="4">
    <subfield code="a">Ciencia y tecnolog&#xED;a</subfield>
    <subfield code="2">LEMB</subfield>
  </datafield>
  <datafield tag="650" ind1="1" ind2="4">
    <subfield code="a">Manuales</subfield>
    <subfield code="2">LEMB</subfield>
  </datafield>
  <datafield tag="650" ind1="1" ind2="4">
    <subfield code="a">F&#xED;sica</subfield>
    <subfield code="2">LEMB</subfield>
  </datafield>
  <datafield tag="650" ind1="1" ind2="4">
    <subfield code="a">Metodolog&#xED;a cient&#xED;fica</subfield>
    <subfield code="2">LEMB</subfield>
  </datafield>
  <datafield tag="942" ind1=" " ind2=" ">
    <subfield code="2">ddc</subfield>
    <subfield code="c">BK</subfield>
  </datafield>
  <datafield tag="952" ind1=" " ind2=" ">
    <subfield code="0">0</subfield>
    <subfield code="1">0</subfield>
    <subfield code="2">ddc</subfield>
    <subfield code="4">0</subfield>
    <subfield code="7">0</subfield>
    <subfield code="8">GEN</subfield>
    <subfield code="a">BRC</subfield>
    <subfield code="b">BRC</subfield>
    <subfield code="c">GEN</subfield>
    <subfield code="d">2013-03-27</subfield>
    <subfield code="l">0</subfield>
    <subfield code="o">500 B618t</subfield>
    <subfield code="p">17370</subfield>
    <subfield code="r">2023-11-29 21:31:08</subfield>
    <subfield code="t">Ej.1</subfield>
    <subfield code="w">2023-11-29</subfield>
    <subfield code="y">BK</subfield>
  </datafield>
  <datafield tag="999" ind1=" " ind2=" ">
    <subfield code="c">25458</subfield>
    <subfield code="d">25458</subfield>
  </datafield>
</record>
